| 000 | 01407nam a22002777a 4500 | ||
|---|---|---|---|
| 005 | 20170124103126.0 | ||
| 010 | _aA-817986 | ||
| 020 |
_c15.00 _a812600133 |
||
| 035 | _aA-817986 | ||
| 037 | _bCen Lib/Ret | ||
| 040 |
_aDPL _bHN |
||
| 082 |
_a863.08 _bघोषशि |
||
| 100 |
_aघोष, शिशिर कुमार _96009 |
||
| 245 |
_aरवीन्द्रनाथ ठाकुर : _cशिशिर कुमार घोष;अनुवादक अनामिका _bभारतीय साहित्य के निर्माता / |
||
| 246 |
_aRabindranath Thakur : bhartiye sahitye ke nirmata / _bby Shishir Kumar Ghosh;anuvadak Anamika |
||
| 260 |
_aनयी दिल्ली _bसाहित्य अकादेमी _c1996 |
||
| 270 |
_aरविन्द्र भवन , 35 फ़ीरोज़शाह मार्ग _bनयी दिल्ली _e110001 |
||
| 300 |
_a106पृ. _c21सेमी(सजिल्द) |
||
| 500 | _aअनुक्रमणिका शामिल | ||
| 650 |
_aहिंदी साहित्य _983103 |
||
| 650 |
_aरवीन्द्रनाथ ठाकुर--जीवनी _970553 |
||
| 650 |
_aHindi literature _983104 |
||
| 650 |
_aRabindranath Thakur--Biography _983105 |
||
| 700 |
_aअनामिका _983106 |
||
| 942 |
_2ddc _cHN _h863.08 _mघोषशि |
||
| 999 |
_c119047 _d119047 |
||